zpět

Detail výsledku týmu

Pardubický Pub PO, Pardubice

Datum a čas kvízu

17.5 Celkem bodů Celkový počet nahraných bodů na tomto kvízu bez doplňovacích otázek.
7. Pořadí na kvízu Konečné umístění týmu na tomto kvízu.

Zaznamenané odpovědi

# Otázka Odpověď Body Výsledky
1. V úvodu prvního dílu pořádají... 144 hostů, 22. 9. 0
2. Kraj je vyhlášený dýmkovým koř... Dolanské listí (Longbottom Leaf) 0
3. Jakou barvu mají dveře Dna pyt... zelenou 0
4. Když Sam a Frodo narazí v prvn... mrkev a zelí, Rádovsko (Buckland) 0.5
5. Když se Sam vrátil do Kraje, u... Elanor 0
6. Vaším prvním úkolem tématu, kt... 1B 2D 3A 4C 0
7. Jak zní nejčastější jednoslovn... nazgûlové; Černokněžný král Angmaru (Witch-king of Angmar) 0.5
8. Další bod získáte za napsání j... BREGO 0
9. Nejstarší z entů, Stromovous,... burárum 0
10. Obávaná pavoučice Odula (Shelo... Cirith Ungol 0